The extent of implementation of the optional protocol by the Department of Social Welfare and Development (DSWD) during the Arroyo administration (2001-2010) in terms of rehabilitative support / (Record no. 98547)
[ view plain ]
| 000 -LEADER | |
|---|---|
| fixed length control field | 00943nam a2200205 a 4500 |
| 003 - CONTROL NUMBER IDENTIFIER | |
| control field | 0 |
| 005 - DATE AND TIME OF LATEST TRANSACTION | |
| control field | 20250218090900.0 |
| 008 - FIXED-LENGTH DATA ELEMENTS--GENERAL INFORMATION | |
| fixed length control field | 110617s19uu xx 00 eng d |
| 050 ## - LIBRARY OF CONGRESS CALL NUMBER | |
| Classification number | PHS HV 888.P6 |
| Item number | .D36 2011 |
| 100 ## - MAIN ENTRY--PERSONAL NAME | |
| Personal name | de Castro, Ma. Margarita D. |
| 245 ## - TITLE STATEMENT | |
| Title | The extent of implementation of the optional protocol by the Department of Social Welfare and Development (DSWD) during the Arroyo administration (2001-2010) in terms of rehabilitative support / |
| Statement of responsibility, etc | Ma. Margarita D. de Castro. |
| 260 ## - PUBLICATION, DISTRIBUTION, ETC. (IMPRINT) | |
| Place of publication, distribution, etc | Las Piñas City, Philippines : |
| Name of publisher, distributor, etc | Southville International School and Colleges, |
| Date of publication, distribution, etc | 2011. |
| 300 ## - PHYSICAL DESCRIPTION | |
| Extent | 42 pages ; |
| Dimensions | 28 cm. |
| 504 ## - BIBLIOGRAPHY, ETC. NOTE | |
| Bibliography, etc | Includes bibliographical references. |
| 650 ## - SUBJECT ADDED ENTRY--TOPICAL TERM | |
| Topical term or geographic name as entry element | Department of Social Welfare and Development (Philippines). |
| 650 ## - SUBJECT ADDED ENTRY--TOPICAL TERM | |
| Topical term or geographic name as entry element | Rehabilitation services |
| General subdivision | Government policy |
| Form subdivision | Philippines. |
| 650 ## - SUBJECT ADDED ENTRY--TOPICAL TERM | |
| Topical term or geographic name as entry element | Arroyo administration |
| General subdivision | descriptive |
| 650 ## - SUBJECT ADDED ENTRY--TOPICAL TERM | |
| Topical term or geographic name as entry element | Rehabilitative support |
| General subdivision | descriptive |
| 942 ## - ADDED ENTRY ELEMENTS (KOHA) | |
| Source of classification or shelving scheme | Library of Congress Classification |
| Koha item type | PASS |
| Withdrawn status | Lost status | Source of classification or shelving scheme | Damaged status | Home library | Current library | Shelving location | Date acquired | Source of acquisition | Total Checkouts | Full call number | Barcode | Date last seen | Price effective from | Koha item type |
|---|---|---|---|---|---|---|---|---|---|---|---|---|---|---|
| Library of Congress Classification | Luxembourg Library | Luxembourg Library | Portfolio Assessment of SISC Students Section | 06/17/2011 | Donation | PHS HV 888.P6 .D36 2011 | P2647 | 11/25/2019 | 04/08/2014 | PASS |